[Event "Challenge"]
[Site "http://www.queenalice.com/game.php?id=483677"]
[Date "2008.10.27"]
[Round "-"]
[White "bfisufrj"]
[Black "roquefrizzo"]
[Result "0-1"]
[WhiteElo "972"]
[BlackElo "1437"]

1. e4 e5 2. Nf3 d6 3. Bb5+ c6 4. Ba4 Bg4 5. d3 b5 6. Bb3 Qa5+ 7. c3 Nd7 8. d4
exd4 9. Qxd4 Qd8 10. Nbd2 Qe7 11. O-O d5 0-1

[Event "Challenge"]
[Site "http://www.queenalice.com/game.php?id=483678"]
[Date "2008.10.27"]
[Round "-"]
[White "bfisufrj"]
[Black "Iarinha"]
[Result "0-1"]
[WhiteElo "992"]
[BlackElo "1365"]

1. e4 e5 2. Nf3 Nc6 3. Bc4 Nf6 4. d3 Bc5 5. c3 d6 6. Qb3 O-O 7. O-O Be6 8. Bxe6
fxe6 9. Qxb7 Qd7 10. Qb3 Rab8 11. Qc4 d5 12. Qa4 dxe4 0-1

[Event "Challenge"]
[Site "http://www.queenalice.com/game.php?id=483731"]
[Date "2008.10.27"]
[Round "-"]
[White "bfisufrj"]
[Black "subzila"]
[Result "0-1"]
[WhiteElo "1000"]
[BlackElo "1502"]

1. e4 e5 2. Nf3 Nc6 3. Bc4 Bc5 4. c3 Nf6 5. d4 exd4 6. Qb3 O-O 7. O-O dxc3 8.
Nxc3 a6 9. Bg5 b5 10. e5 Ng4 11. Bxd8 Rxd8 0-1

[Event "Challenge"]
[Site "http://www.queenalice.com/game.php?id=483878"]
[Date "2008.10.27"]
[Round "-"]
[White "bfisufrj"]
[Black "fbenevides"]
[Result "0-1"]
[WhiteElo "1100"]
[BlackElo "1339"]

1. e4 e6 2. d4 Nf6 3. f3 Nc6 4. d5 exd5 5. exd5 Ne7 6. c4 c6 7. dxc6 Nxc6 8.
Qe2+ Be7 9. Nc3 O-O 10. Ne4 Bb4+ 11. Bd2 Nd4 12. Qd3 Bxd2+ 13. Nxd2 Re8+ 14. Kd1
Qb6 15. Nb3 Nxb3 16. Qxb3 Qf2 17. Ne2 Re3 18. Qc2 Re5 19. f4 Re4 20. Qd3 b6 21.
Kd2 Rxf4 22. Kc3 Re4 23. Ng3 Re3 24. c5 Rxd3+ 25. Bxd3 bxc5 26. Rhe1 Qxg2 27.
Rf1 Qxh2 28. Rae1 Bb7 29. Rxf6 gxf6 30. Be4 Qxg3+ 31. Kd2 Bxe4 32. Rxe4 Rb8 0-1

[Event "Challenge"]
[Site "http://www.queenalice.com/game.php?id=483919"]
[Date "2008.10.27"]
[Round "-"]
[White "bfisufrj"]
[Black "jw16js"]
[Result "0-1"]
[WhiteElo "1001"]
[BlackElo "1490"]

1. e4 e5 2. Nf3 Bd6 3. Bc4 Nf6 4. d4 Nxe4 5. O-O Qf6 6. dxe5 Bxe5 7. Re1 Qf5 8.
Qd5 Rf8 9. Qxe5+ Qxe5 10. Nxe5 f6 11. Rxe4 fxe5 12. Rxe5+ Kd8 13. Rf5 Rxf5 14.
Bd3 Rh5 15. Nc3 c6 16. Bf4 Rc5 0-1

[Event "AUTO-OPEN-1317"]
[Site "http://www.queenalice.com/game.php?id=484137"]
[Date "2008.10.28"]
[Round "1"]
[White "Justiceseeker"]
[Black "bfisufrj"]
[Result "1-0"]
[WhiteElo "1264"]
[BlackElo "1046"]

1. d4 d5 2. e3 Nf6 3. g3 e6 4. Bg2 Bb4+ 5. c3 Bd6 6. Nf3 O-O 7. O-O b6 8. Nbd2
Ba6 9. c4 dxc4 10. Re1 b5 11. e4 Bb4 12. e5 Nd5 13. Qc2 Nc6 14. Nf1 Bxe1 15. Ng5
c3 16. Qxh7# 1-0

[Event "AUTO-OPEN-1317"]
[Site "http://www.queenalice.com/game.php?id=484138"]
[Date "2008.10.28"]
[Round "1"]
[White "bfisufrj"]
[Black "Justiceseeker"]
[Result "0-1"]
[WhiteElo "956"]
[BlackElo "1413"]

1. e4 Nf6 2. d3 e6 3. Be2 d6 4. c3 d5 5. e5 Nfd7 6. Nf3 Nc6 7. d4 f6 8. Bf4 fxe5
9. Nxe5 Ndxe5 10. dxe5 g5 11. Bg3 Bc5 12. Bb5 O-O 13. f4 gxf4 14. Bxf4 Rxf4 15.
g3 Bf2+ 16. Kd2 Re4 17. Rf1 Qg5+ 18. Kc2 Nd4+ 19. cxd4 Rxd4 20. Nd2 Be3 21. Bd3
Qxe5 22. Qe1 Bd7 23. Rf7 Kxf7 24. Qf1+ Ke7 0-1

[Event "AUTO-OPEN-1317"]
[Site "http://www.queenalice.com/game.php?id=484161"]
[Date "2008.10.28"]
[Round "1"]
[White "bfisufrj"]
[Black "tnarg"]
[Result "0-1"]
[WhiteElo "1000"]
[BlackElo "1856"]

1. e4 e5 2. Nf3 Nc6 3. Bc4 d6 4. O-O Nf6 5. d3 Be7 6. Bg5 Bg4 7. Bxf6 Bxf6 8.
Nbd2 O-O 9. h3 Bh5 10. Bb5 Nd4 0-1